Punjab From Ancient Times to the President/ (Record no. 210143)

MARC details
000 -LEADER
fixed length control field 00569nam a22001817a 4500
005 - DATE AND TIME OF LATEST TRANSACTION
control field 20250307103723.0
010 ## - LCCN (DPL NO)
LC control number ENG-143988
020 ## - INTERNATIONAL STANDARD BOOK NUMBER
Terms of availability 250.00
International Standard Book Number 9789382245131
035 ## - SYSTEM CONTROL NUMBER
System control number EN-127520
037 ## - SOURCE OF ACQUISITION
Source of stock number/acquisition DBAD
082 ## - DEWEY DECIMAL CLASSIFICATION NUMBER
Classification number 954.12
100 ## - MAIN ENTRY--PERSONAL NAME
Personal name Jain, Harish
245 ## - TITLE STATEMENT
Title Punjab From Ancient Times to the President/
Statement of responsibility, etc By Harish Jain
260 ## - PUBLICATION, DISTRIBUTION, ETC. (IMPRINT)
Place of publication, distribution, etc Chandigarh
Name of publisher, distributor, etc Science and General Publishers
Date of publication, distribution, etc 2012
270 ## - ADDRESS
City Chandigarh
Address sco.26-27,sector-34 A,
Telephone number 0172-5077427
Postal code 160022
300 4# - PHYSICAL DESCRIPTION
Extent 231p.
Dimensions 24cm(Hardbound)
942 ## - ADDED ENTRY ELEMENTS (KOHA)
Source of classification or shelving scheme Dewey Decimal Classification
Item type English Books
Classification part 954.12
Call number suffix JAI
Holdings
Withdrawn status Lost status Not for loan Collection code Home library Current library Date acquired Source of acquisition Cost, normal purchase price Full call number Barcode Copy number Cost, replacement price Koha item type
      Non-fiction Central Library Central Library 07/03/2025 Delivery of Books Act Division 250.00 954.12 JAI EN-127520 1 250.00 English Books

© Delhi Public Library
Hit Counter
free hit counter